[Event "Biella op-B 4th"]
[Site "Biella"]
[Date "2013.09.27"]
[Round "1"]
[White "Lucchese, Paolo"]
[Black "Listello, Massimiliano"]
[Result "0-1"]
[WhiteElo "1949"]
[BlackElo "1767"]
[PlyCount "82"]
[EventDate "2013.09.27"]
[EventType "swiss"]
[EventRounds "5"]
[EventCountry "ITA"]
[SourceTitle "EXT 2015"]
[Source "ChessBase"]
[SourceDate "2014.11.20"]
[SourceVersion "1"]
[SourceVersionDate "2014.11.20"]
[SourceQuality "1"]

1. e4 c5 2. Nf3 Nc6 3. d4 cxd4 4. Nxd4 e5 5. Nb5 d6 6. a4 Be7 7. N1c3 a6 8. Na3 Nf6 9. Bg5 Rb8 10. Bxf6 gxf6 11. Bc4 0-0 12. Qh5 Nd4 13. Nd5 b5 14. axb5 axb5 15. Bd3 Be6 16. 0-0 Qd7 17. Rae1 b4 18. Nc4 Bxd5 19. exd5 f5 20. Re3 Bf6 21. Rg3+ Bg7 22. Qh6 f6 23. Nxd6 e4 24. Bc4 Rb6 25. c3 Kh8 26. Qh5 bxc3 27. bxc3 Rxd6 28. cxd4 Rc8 29. Rh3 h6 30. Qe2 Qc7 31. Bb3 Qb6 32. Rd1 Qd8 33. Qe3 Qd7 34. Ra1 Rb6 35. f3 Rcb8 36. Bc2 Rb2 37. Qc3 Qxd5 38. Ra7 Rxc2 39. Qxc2 Qxd4+ 40. Kf1 Qxa7 41. Ke2 Qd4 0-1

[Event "Robecchetto op 23rd"]
[Site "Robecchetto"]
[Date "2012.12.28"]
[Round "3"]
[White "Lucchese, Paolo"]
[Black "Siclari, Giovanni"]
[Result "0-1"]
[WhiteElo "1958"]
[BlackElo "2007"]
[PlyCount "98"]
[EventDate "2012.12.27"]
[EventType "swiss"]
[EventRounds "6"]
[EventCountry "ITA"]
[SourceTitle "EXT 2014"]
[Source "ChessBase"]
[SourceDate "2013.11.20"]
[SourceVersion "1"]
[SourceVersionDate "2013.11.20"]
[SourceQuality "1"]

1. e4 c5 2. Nf3 e6 3. d4 cxd4 4. Nxd4 Nc6 5. Nc3 Qc7 6. Ndb5 Qb8 7. Be3 a6 8. Bb6 axb5 9. Nxb5 Bb4+ 10. c3 Ba5 11. Nc7+ Qxc7 12. Bxc7 Bxc7 13. Bb5 Nf6 14. Qe2 h5 15. h3 Ne5 16. a4 b6 17. 0-0-0 g5 18. Kb1 Bb7 19. f3 Rg8 20. Qd2 Bc6 21. b3 h4 22. Rhe1 Nh5 23. Kb2 Nf4 24. Bf1 Ke7 25. Qd4 Ra5 26. Qb4+ Kf6 27. Qd4 Rga8 28. Ra1 d5 29. exd5 Rxd5 30. Qe3 Ned3+ 31. Bxd3 Rxd3 32. Qg1 Rd2+ 33. Kb1 Rad8 34. Ra2 Ne2 35. Rxd2 Nxg1 36. Rxd8 Bxd8 37. Rxg1 Ke5 38. Rd1 Bc7 39. Rd4 Bd5 40. Rb4 f5 41. Kc2 Kd6 42. Rd4 e5 43. Rd2 Ke6 44. c4 Bc6 45. Kd3 e4+ 46. Ke2 exf3+ 47. gxf3 g4 48. hxg4 fxg4 49. fxg4 h3 0-1

[Event "Biella op 1st"]
[Site "Biella"]
[Date "2010.09.25"]
[Round "3"]
[White "Finocchiaro, Gianluca"]
[Black "Lucchese, Paolo"]
[Result "1/2-1/2"]
[WhiteElo "2121"]
[BlackElo "1917"]
[PlyCount "23"]
[EventDate "2010.09.24"]
[EventType "swiss"]
[EventRounds "5"]
[EventCountry "ITA"]
[SourceTitle "EXT 2024"]
[Source "ChessBase"]
[SourceDate "2023.10.10"]
[SourceVersion "1"]
[SourceVersionDate "2023.10.10"]
[SourceQuality "1"]

1. e4 c5 2. c3 e5 3. Nf3 Nc6 4. Bc4 Be7 5. 0-0 Nf6 6. Ng5 0-0 7. f4 d5 8. exd5 Na5 9. d3 Nxd5 10. Na3 Nxc4 11. Nxc4 exf4 12. Ne4 1/2-1/2

[Event "Biella op 1st"]
[Site "Biella"]
[Date "2010.09.24"]
[Round "1"]
[White "Gemelli, Giovanni"]
[Black "Lucchese, Paolo"]
[Result "1/2-1/2"]
[WhiteElo "1500"]
[BlackElo "1917"]
[PlyCount "45"]
[EventDate "2010.09.24"]
[EventType "swiss"]
[EventRounds "5"]
[EventCountry "ITA"]
[SourceTitle "EXT 2024"]
[Source "ChessBase"]
[SourceDate "2023.10.10"]
[SourceVersion "1"]
[SourceVersionDate "2023.10.10"]
[SourceQuality "1"]

1. e4 c5 2. Nf3 Nc6 3. d4 cxd4 4. Nxd4 g6 5. Nc3 Bg7 6. Be3 Nf6 7. Bc4 0-0 8. 0-0 Ng4 9. Qxg4 Nxd4 10. Qd1 Nc6 11. Qd2 Ne5 12. Be2 Re8 13. Bh6 Bh8 14. Kh1 d6 15. f4 Nc6 16. f5 Ne5 17. Nd5 Bd7 18. g4 Rc8 19. c3 a6 20. Be3 Bb5 21. Bxb5 axb5 22. g5 Nc4 23. Qf2 1/2-1/2

[Event "Crema op 12th"]
[Site "Crema "]
[Date "2010.09.05"]
[Round "3"]
[White "Carbone, Lorenzo"]
[Black "Lucchese, Paolo"]
[Result "1-0"]
[WhiteElo "1695"]
[BlackElo "1917"]
[PlyCount "129"]
[EventDate "2010.09.05"]
[EventType "swiss"]
[EventRounds "6"]
[EventCountry "ITA"]
[SourceTitle "EXT 2012"]
[Source "ChessBase"]
[SourceDate "2011.11.24"]
[SourceVersion "1"]
[SourceVersionDate "2011.11.24"]
[SourceQuality "1"]

1. e4 c5 2. Nf3 d6 3. d4 cxd4 4. Nxd4 Nf6 5. Nc3 g6 6. Be3 Bg7 7. Qd2 Ng4 8. Bg5 h6 9. Bh4 Nc6 10. Nb3 g5 11. Bg3 Be6 12. h3 Nge5 13. f4 gxf4 14. Bxf4 Rc8 15. Nb5 Ng6 16. c3 Nxf4 17. Qxf4 Bf6 18. h4 Qb6 19. Nxd6+ exd6 20. Qxf6 Qe3+ 21. Be2 Bg4 22. Qf2 Qxe4 23. 0-0 0-0 24. Bxg4 Qxg4 25. Qf6 Qe6 26. Rae1 Ne5 27. Nd4 Qxf6 28. Rxf6 Rfe8 29. Ref1 Rc7 30. Nb5 Rc6 31. Rxd6 Rxd6 32. Nxd6 Rd8 33. Ne4 Ng4 34. Nf6+ Nxf6 35. Rxf6 Rd2 36. Rf2 Rd1+ 37. Kh2 Rd3 38. Re2 Kf8 39. Re4 f6 40. a4 Kf7 41. a5 f5 42. Rb4 Rd7 43. Kg3 Kf6 44. Kf4 h5 45. Rb5 Rd2 46. Rxf5+ Ke6 47. Rb5 Rxg2 48. Rxb7 Kd6 49. Kf5 Kc6 50. Rxa7 Rxb2 51. c4 Rc2 52. Kg5 Rxc4 53. Kxh5 Rc1 54. Kh6 Kd6 55. a6 Ke5 56. Rg7 Rc6+ 57. Rg6 Rc4 58. h5 Rc7 59. Rg5+ Kf6 60. Rg6+ Kf5 61. Rb6 Ra7 62. Rb5+ Kf6 63. Rg5 Ra8 64. Rg6+ Kf7 65. Kg5 1-0

[Event "Crema op 12th"]
[Site "Crema "]
[Date "2010.09.05"]
[Round "6"]
[White "Lucchese, Paolo"]
[Black "Quagliarella, Sabino Remo"]
[Result "0-1"]
[WhiteElo "1917"]
[BlackElo "1937"]
[PlyCount "54"]
[EventDate "2010.09.05"]
[EventType "swiss"]
[EventRounds "6"]
[EventCountry "ITA"]
[SourceTitle "EXT 2012"]
[Source "ChessBase"]
[SourceDate "2011.11.24"]
[SourceVersion "1"]
[SourceVersionDate "2011.11.24"]
[SourceQuality "1"]

1. e4 e6 2. d4 d5 3. Nc3 Bb4 4. e5 c5 5. a3 Bxc3+ 6. bxc3 Nc6 7. Nf3 Nge7 8. h4 Bd7 9. Rb1 Qc7 10. Bd3 c4 11. Bxh7 Rxh7 12. Ng5 Rh8 13. g4 f6 14. Nf3 0-0-0 15. Bf4 Qa5 16. Qd2 Ng6 17. Bg3 fxe5 18. dxe5 Rhf8 19. Ke2 Rxf3 20. Kxf3 Ngxe5+ 21. Kg2 d4 22. Qg5 Qd5+ 23. Kh3 Nxg4 24. Qxd5 exd5 25. Kg2 dxc3 26. Rbe1 Bf5 27. Re2 d4 0-1

[Event "Torino Alfieri op 2nd"]
[Site "Torino"]
[Date "2010.04.21"]
[Round "1"]
[White "Lucchese, Paolo"]
[Black "Termini, Luigi Robert"]
[Result "1-0"]
[WhiteElo "2024"]
[BlackElo "1703"]
[PlyCount "79"]
[EventDate "2010.04.21"]
[EventType "swiss"]
[EventRounds "5"]
[EventCountry "ITA"]
[SourceTitle "EXT 2024"]
[Source "ChessBase"]
[SourceDate "2023.10.10"]
[SourceVersion "1"]
[SourceVersionDate "2023.10.10"]
[SourceQuality "1"]

1. e4 c5 2. Nf3 Nc6 3. d4 cxd4 4. Nxd4 e6 5. Nb5 d5 6. exd5 exd5 7. Bf4 Qa5+ 8. c3 Be6 9. Nc7+ Kd7 10. Nxa8 Bd6 11. Bxd6 Kxd6 12. Na3 Ke7 13. Qb3 Nf6 14. Qxb7+ Bd7 15. Bb5 Rb8 16. Qc7 Rxa8 17. Qxa5 Nxa5 18. Bxd7 Nxd7 19. 0-0-0 Nf6 20. Rhe1+ Kf8 21. Nb5 Nc6 22. Nd4 Ne7 23. h3 g6 24. g4 Rd8 25. Rxe7 Kxe7 26. Nc6+ Kd7 27. Nxd8 Kxd8 28. f3 h6 29. h4 g5 30. hxg5 hxg5 31. c4 Kd7 32. Kc2 Kc6 33. Kc3 dxc4 34. Kxc4 Nd7 35. Rxd7 Kxd7 36. Kd5 Ke7 37. b4 Kf6 38. Kd6 Kg7 39. a4 f5 40. b5 1-0

[Event "Asti Alfieri Memorial 5th"]
[Site "Asti"]
[Date "2010.04.16"]
[Round "1"]
[White "Lucchese, Paolo"]
[Black "Roversi, Stefano"]
[Result "0-1"]
[WhiteElo "2024"]
[BlackElo "1806"]
[PlyCount "78"]
[EventDate "2010.04.16"]
[EventType "swiss"]
[EventRounds "5"]
[EventCountry "ITA"]
[SourceTitle "EXT 2024"]
[Source "ChessBase"]
[SourceDate "2023.10.10"]
[SourceVersion "1"]
[SourceVersionDate "2023.10.10"]
[SourceQuality "1"]

1. e4 c5 2. Nf3 Nc6 3. d4 cxd4 4. Nxd4 a6 5. Nxc6 bxc6 6. Bd3 Nf6 7. 0-0 e5 8. Qe2 Be7 9. Nd2 0-0 10. Nc4 d6 11. Bd2 a5 12. a4 Be6 13. Bc3 Bg4 14. Qe1 Nh5 15. Bxa5 Qb8 16. Bd2 Nf4 17. Bxf4 exf4 18. f3 Be6 19. b3 Bf6 20. e5 dxe5 21. Qe4 g6 22. Rae1 Bd5 23. Qe2 Re8 24. Be4 Qa7+ 25. Kh1 Bxe4 26. Qxe4 Qc5 27. Rd1 Rad8 28. Qe2 Rd4 29. Rd3 Red8 30. Rfd1 Bg7 31. Qe1 f5 32. a5 Re8 33. Nb6 Rxd3 34. cxd3 Qb5 35. Qc3 e4 36. Qc4+ Qxc4 37. dxc4 e3 38. a6 e2 39. Re1 Bc3 0-1

[Event "Ivrea op 14th"]
[Site "Ivrea"]
[Date "2010.03.20"]
[Round "3"]
[White "Gennaro, Isabella"]
[Black "Lucchese, Paolo"]
[Result "0-1"]
[WhiteElo "1633"]
[BlackElo "2024"]
[PlyCount "86"]
[EventDate "2010.03.19"]
[EventType "swiss"]
[EventRounds "5"]
[EventCountry "ITA"]
[SourceTitle "EXT 2024"]
[Source "ChessBase"]
[SourceDate "2023.10.10"]
[SourceVersion "1"]
[SourceVersionDate "2023.10.10"]
[SourceQuality "1"]

1. e4 c5 2. Nf3 d6 3. d4 cxd4 4. Nxd4 Nf6 5. Nc3 a6 6. Bg5 e6 7. Be2 Be7 8. 0-0 Nbd7 9. Qd2 Qc7 10. Rad1 b5 11. a3 Bb7 12. f3 h6 13. Bh4 0-0 14. Rfe1 Rfe8 15. Bg3 Ne5 16. b3 Rec8 17. Na2 Nh5 18. Bf2 Bg5 19. Be3 Bxe3+ 20. Qxe3 Ng6 21. g3 Nf6 22. Rd2 Qc5 23. c4 bxc4 24. Bxc4 d5 25. Bd3 Ne5 26. Kg2 dxe4 27. Bxe4 Nxe4 28. fxe4 Ng4 29. Qd3 Qe7 30. b4 Ne5 31. Qf1 f5 32. Rc1 fxe4 33. Kg1 Rxc1 34. Qxc1 Rd8 35. Qd1 Rxd4 36. Rxd4 Nf3+ 37. Kf2 Nxd4 38. Qxd4 Qf7+ 39. Ke1 Qf3 40. a4 e3 41. Qf4 Qh1+ 42. Qf1 Qxh2 43. Nc1 Qd2# 0-1

[Event "Ivrea op 14th"]
[Site "Ivrea"]
[Date "2010.03.20"]
[Round "2"]
[White "Lucchese, Paolo"]
[Black "Di Chiara, Mauro"]
[Result "0-1"]
[WhiteElo "2024"]
[BlackElo "1868"]
[PlyCount "54"]
[EventDate "2010.03.19"]
[EventType "swiss"]
[EventRounds "5"]
[EventCountry "ITA"]
[SourceTitle "EXT 2024"]
[Source "ChessBase"]
[SourceDate "2023.10.10"]
[SourceVersion "1"]
[SourceVersionDate "2023.10.10"]
[SourceQuality "1"]

1. e4 d6 2. d4 Nf6 3. Nc3 g6 4. Nge2 Bg7 5. g3 0-0 6. Bg2 e5 7. h3 Nc6 8. Be3 Re8 9. d5 Ne7 10. 0-0 Nd7 11. Qd2 f5 12. Rad1 Nf6 13. f3 Rf8 14. Kh2 Nh5 15. f4 fxe4 16. fxe5 Bxe5 17. Rxf8+ Qxf8 18. Rf1 Nf5 19. Nxe4 Qg7 20. Bf4 Nxf4 21. Nxf4 Bd7 22. c3 Rf8 23. b3 Qh6 24. Ne2 Ne3 25. Rxf8+ Kxf8 26. Ng1 Bf5 27. Qd3 Ng4+ 0-1

[Event "Corsico op"]
[Site "Corsico"]
[Date "2010.03.14"]
[Round "4"]
[White "Lucchese, Paolo"]
[Black "Castrogiovanni, Carlo"]
[Result "0-1"]
[WhiteElo "2024"]
[BlackElo "1999"]
[PlyCount "100"]
[EventDate "2010.03.12"]
[EventType "swiss"]
[EventRounds "5"]
[EventCountry "ITA"]
[SourceTitle "EXT 2011"]
[Source "ChessBase"]
[SourceDate "2010.11.26"]
[SourceVersion "1"]
[SourceVersionDate "2010.11.26"]
[SourceQuality "1"]

1. e4 c5 2. Nc3 Nc6 3. Bc4 a6 4. a4 e6 5. f4 Qc7 6. d3 d6 7. Nf3 Nf6 8. 0-0 Be7 9. Kh1 Bd7 10. Be3 Na5 11. Ba2 b5 12. axb5 axb5 13. Nd2 0-0 14. f5 c4 15. fxe6 fxe6 16. dxc4 Nxc4 17. Nxc4 bxc4 18. Qd4 Ng4 19. Rxf8+ Rxf8 20. Bg1 Rc8 21. h3 Bf6 22. Qd2 Bxc3 23. Qxc3 Nf6 24. Re1 e5 25. Qb4 Be6 26. Bb1 Rb8 27. Qa3 h6 28. c3 Rb3 29. Qa8+ Kf7 30. Re2 Kg6 31. Qa6 Kf7 32. Rd2 Ke7 33. Re2 Nh5 34. Bh2 Rb6 35. Qa8 Bc8 36. Qa5 Qb7 37. Qa2 Be6 38. Qa3 Ra6 39. Qb4 Qxb4 40. cxb4 Rb6 41. Bc2 Rxb4 42. Bd1 Nf6 43. Kg1 Nd7 44. Rd2 Nc5 45. Re2 Nd3 46. Bc2 Nxb2 47. Bg3 Bd7 48. Be1 Rb7 49. Bc3 Ba4 50. Bb1 Nd1 0-1

[Event "Corsico op"]
[Site "Corsico"]
[Date "2010.03.13"]
[Round "2"]
[White "Gori, Andrea"]
[Black "Lucchese, Paolo"]
[Result "1-0"]
[WhiteElo "2119"]
[BlackElo "2024"]
[PlyCount "47"]
[EventDate "2010.03.12"]
[EventType "swiss"]
[EventRounds "5"]
[EventCountry "ITA"]
[SourceTitle "EXT 2011"]
[Source "ChessBase"]
[SourceDate "2010.11.26"]
[SourceVersion "1"]
[SourceVersionDate "2010.11.26"]
[SourceQuality "1"]

1. e4 c5 2. Nf3 d6 3. d4 cxd4 4. Nxd4 Nf6 5. f3 Nc6 6. c4 g6 7. Be3 Bg7 8. Qd2 0-0 9. Nc3 Nxd4 10. Bxd4 Be6 11. Be2 Qa5 12. Rc1 Rfc8 13. b3 h5 14. Rc2 Kh7 15. 0-0 Bh6 16. f4 Nd7 17. Qe1 Nc5 18. Qh4 Qd8 19. f5 gxf5 20. exf5 Bd7 21. Qxh5 Qg8 22. Be3 Qg7 23. Rf3 Rh8 24. Bxh6 1-0

[Event "Corsico op-A 40th"]
[Site "Corsico"]
[Date "2009.05.02"]
[Round "3"]
[White "Lucchese, Paolo"]
[Black "Krasnov, Eduard"]
[Result "0-1"]
[WhiteElo "2005"]
[BlackElo "2015"]
[PlyCount "119"]
[EventDate "2009.05.01"]
[EventType "swiss"]
[EventRounds "6"]
[EventCountry "ITA"]
[SourceTitle "EXT 2011"]
[Source "ChessBase"]
[SourceDate "2010.11.26"]
[SourceVersion "1"]
[SourceVersionDate "2010.11.26"]
[SourceQuality "1"]

1. e4 e6 2. d4 d5 3. Nc3 Nf6 4. Bg5 Be7 5. e5 Nfd7 6. h4 Bxg5 7. hxg5 Qxg5 8. Nh3 Qe7 9. Qh5 Nc6 10. 0-0-0 Nb6 11. f4 Bd7 12. Ng5 h6 13. Bb5 g6 14. Qe2 0-0-0 15. Nf3 h5 16. g3 Na5 17. Bxd7+ Qxd7 18. Qb5 Qxb5 19. Nxb5 a6 20. Na3 Kd7 21. Ng5 Ke7 22. b3 Nd7 23. Kb2 c5 24. c3 cxd4 25. cxd4 Nc6 26. Nc2 Rc8 27. Rh4 b5 28. Rdh1 Rh6 29. R1h2 b4 30. a3 bxa3+ 31. Kxa3 Rb8 32. g4 Rbh8 33. Nf3 Kf8 34. gxh5 Rxh5 35. Rxh5 Rxh5 36. Rxh5 gxh5 37. Nb4 Ndb8 38. Nc2 Kg7 39. Kb2 Kg6 40. Nh4+ Kh6 41. Kc3 Kg7 42. Ne1 f6 43. exf6+ Kxf6 44. Nef3 Nd7 45. Ng5 Nf8 46. Ngf3 Ng6 47. Nxg6 Kxg6 48. Nh4+ Kf6 49. b4 Ne7 50. b5 axb5 51. Kb4 Nf5 52. Nf3 Ng3 53. Kxb5 Ne2 54. Kc5 Nxf4 55. Kd6 Ng6 56. Kc5 h4 57. Kd6 h3 58. Nh2 Nf4 59. Ng4+ Kf5 60. Ne3+ 0-1

[Event "Asti op 4th"]
[Site "Asti"]
[Date "2009.04.19"]
[Round "6"]
[White "Lucchese, Paolo"]
[Black "Finocchiaro, Gianluca"]
[Result "1-0"]
[WhiteElo "2005"]
[BlackElo "2064"]
[PlyCount "83"]
[EventDate "2009.04.16"]
[EventType "swiss"]
[EventRounds "6"]
[EventCountry "ITA"]
[SourceTitle "CBM 130 Extra"]
[Source "ChessBase"]
[SourceDate "2009.07.02"]
[SourceVersion "2"]
[SourceVersionDate "2009.07.15"]
[SourceQuality "1"]

1. e4 d5 2. d4 e6 3. Nc3 dxe4 4. Nxe4 Nd7 5. Bd3 Ngf6 6. Bg5 Be7 7. Bxf6 Nxf6 8. Qf3 Bd7 9. 0-0-0 Bc6 10. Nxf6+ Bxf6 11. Be4 Bxe4 12. Qxe4 Qd5 13. Qxd5 exd5 14. Re1+ Kd7 15. Nf3 Rhe8 16. h4 Re4 17. Rxe4 dxe4 18. Ng5 Bxg5+ 19. hxg5 Rh8 20. Rh4 h6 21. Kd2 Kd6 22. c4 c5 23. d5 b5 24. b3 bxc4 25. bxc4 Ke5 26. Ke3 Kd6 27. gxh6 gxh6 28. g4 h5 29. Rxh5 Rg8 30. Kf4 Rb8 31. Rh6+ Ke7 32. Rc6 Rb2 33. Kxe4 Rxa2 34. Rxc5 a5 35. f4 a4 36. Kf5 a3 37. Rc7+ Ke8 38. Ke5 Ra1 39. Kd6 Kf8 40. Ra7 a2 41. c5 Kg7 42. c6 1-0

[Event "Asti op 4th"]
[Site "Asti"]
[Date "2009.04.18"]
[Round "5"]
[White "Rasulo, Stefano"]
[Black "Lucchese, Paolo"]
[Result "0-1"]
[WhiteElo "1774"]
[BlackElo "2005"]
[PlyCount "120"]
[EventDate "2009.04.16"]
[EventType "swiss"]
[EventRounds "6"]
[EventCountry "ITA"]
[SourceTitle "CBM 130 Extra"]
[Source "ChessBase"]
[SourceDate "2009.07.02"]
[SourceVersion "2"]
[SourceVersionDate "2009.07.15"]
[SourceQuality "1"]

1. e4 c5 2. Nf3 d6 3. d4 cxd4 4. Nxd4 Nf6 5. Nc3 g6 6. f3 Bg7 7. Be3 0-0 8. Qd2 Nc6 9. g4 Nxd4 10. Bxd4 Be6 11. h4 h5 12. gxh5 Nxh5 13. Bxg7 Kxg7 14. Rg1 Qb6 15. Rg5 Rh8 16. 0-0-0 Nf6 17. f4 Bg4 18. Be2 Bxe2 19. Qxe2 Rxh4 20. e5 dxe5 21. fxe5 Nh5 22. Nd5 Nf4 23. Qe1 Nxd5 24. Qxh4 Qe3+ 25. Kb1 Rh8 26. Qg3 e6 27. a3 Rh3 28. Qxe3 Rxe3 29. Rh1 Ne7 30. Kc1 Nf5 31. Rg4 Rxe5 32. Rc4 Ng3 33. Rd1 f5 34. Rc7+ Kh6 35. Rxb7 f4 36. Rb3 g5 37. Rxg3 fxg3 38. Rg1 Re3 39. Kd2 Rf3 40. Rg2 Kh5 41. c4 Kh4 42. Ke2 g4 43. Rg1 Rf2+ 44. Ke3 Rxb2 45. c5 Rb3+ 46. Kf4 e5+ 47. Kf5 Kh3 48. Rc1 g2 49. c6 Rb8 50. Kxe5 Rc8 51. Kd6 Kh2 52. Kd7 Rxc6 53. Kxc6 g1Q 54. Rxg1 Kxg1 55. a4 g3 56. a5 g2 57. Kb7 Kh2 58. Kxa7 g1Q+ 59. Kb7 Qb1+ 60. Kc6 Qb8 0-1

[Event "Asti op 4th"]
[Site "Asti"]
[Date "2009.04.16"]
[Round "1"]
[White "Lucchese, Paolo"]
[Black "Monticone, Sonia"]
[Result "1/2-1/2"]
[WhiteElo "2005"]
[BlackElo "1789"]
[PlyCount "56"]
[EventDate "2009.04.16"]
[EventType "swiss"]
[EventRounds "6"]
[EventCountry "ITA"]
[SourceTitle "CBM 130 Extra"]
[Source "ChessBase"]
[SourceDate "2009.07.02"]
[SourceVersion "2"]
[SourceVersionDate "2009.07.15"]
[SourceQuality "1"]

1. e4 c5 2. Nf3 e6 3. d4 cxd4 4. Nxd4 a6 5. Bd3 Nf6 6. 0-0 Qc7 7. c4 Nc6 8. Nxc6 bxc6 9. Nc3 Be7 10. Qe2 d6 11. f4 0-0 12. Be3 Bb7 13. c5 dxc5 14. Rac1 c4 15. Bxc4 Rac8 16. e5 Nd7 17. Bxa6 Nb6 18. Bxb7 Qxb7 19. Ne4 Nd5 20. Bc5 Bxc5+ 21. Nxc5 Qa7 22. a3 Rb8 23. Rf3 Rfd8 24. b4 Qb6 25. Qa6 Qc7 26. Ne4 Rb6 27. Qc4 h6 28. g3 Ra8 1/2-1/2

[Event "Asti Alfieri Memorial 3rd"]
[Site "Asti"]
[Date "2008.03.29"]
[Round "4"]
[White "Sorgi, Paolo"]
[Black "Lucchese, Paolo"]
[Result "0-1"]
[WhiteElo "1921"]
[BlackElo "1994"]
[PlyCount "86"]
[EventDate "2008.03.27"]
[EventType "swiss"]
[EventRounds "6"]
[EventCountry "ITA"]
[SourceTitle "EXT 2011"]
[Source "ChessBase"]
[SourceDate "2010.11.26"]
[SourceVersion "1"]
[SourceVersionDate "2010.11.26"]
[SourceQuality "1"]

1. d4 c5 2. d5 e5 3. c4 d6 4. e4 Be7 5. Nf3 g6 6. Nc3 Nf6 7. Be2 Nh5 8. 0-0 Nd7 9. Be3 Ndf6 10. Ne1 Nf4 11. Nd3 Nxe2+ 12. Qxe2 Ng4 13. Bd2 f5 14. f4 fxe4 15. Nxe4 exf4 16. Nxd6+ Qxd6 17. Bxf4 Qf6 18. d6 Qd4+ 19. Kh1 0-0 20. dxe7 Re8 21. h3 Bf5 22. hxg4 Qxd3 23. Qe5 Be4 24. Bh6 Qh3+ 25. Qh2 Bxg2+ 26. Kg1 Bxf1 27. Rxf1 Qxh2+ 28. Kxh2 Rxe7 29. Rf2 Re4 30. Kg3 Rxc4 31. b3 Rd4 32. Rc2 b6 33. Rc3 Rad8 34. Kh4 Rd3 35. Rc2 Rf3 36. Re2 Kf7 37. Bg5 Rdd3 38. Rh2 Rd4 39. Re2 h5 40. Rg2 Rf1 41. Be3 Rh1+ 42. Kg3 Rxg4+ 43. Kf3 Rh3+ 0-1

[Event "Asti Alfieri Memorial 3rd"]
[Site "Asti"]
[Date "2008.03.27"]
[Round "1"]
[White "Lucchese, Paolo"]
[Black "Medaglia, Enzo"]
[Result "1-0"]
[WhiteElo "1994"]
[BlackElo "1857"]
[PlyCount "65"]
[EventDate "2008.03.27"]
[EventType "swiss"]
[EventRounds "6"]
[EventCountry "ITA"]
[SourceTitle "EXT 2011"]
[Source "ChessBase"]
[SourceDate "2010.11.26"]
[SourceVersion "1"]
[SourceVersionDate "2010.11.26"]
[SourceQuality "1"]

1. e4 c5 2. Nf3 d6 3. d4 cxd4 4. Nxd4 Nf6 5. Nc3 a6 6. Bg5 e5 7. Nde2 Be7 8. Bxf6 Bxf6 9. Nd5 0-0 10. Nec3 Bg5 11. h4 Be7 12. Nxe7+ Qxe7 13. Nd5 Qd8 14. Bc4 Nc6 15. Qd2 b5 16. Bb3 Nd4 17. c3 Nxb3 18. axb3 Bb7 19. g4 Rc8 20. f3 Rc5 21. b4 Rc8 22. g5 Bxd5 23. Qxd5 Qb6 24. Ke2 Kh8 25. Ra5 f5 26. exf5 Rxf5 27. Rha1 Rcf8 28. Rxa6 Qd8 29. Ra8 Qb6 30. R8a6 Qd8 31. Rxd6 Qe8 32. Qe6 Qh5 33. Qxf5 1-0

[Event "Corsico op 26th"]
[Site "Corsico"]
[Date "2003.05.03"]
[Round "6"]
[White "Lucchese, Paolo"]
[Black "Damia, Angelo"]
[Result "1-0"]
[WhiteElo "1818"]
[BlackElo "1991"]
[PlyCount "43"]
[EventDate "2003.04.30"]
[EventType "swiss"]
[EventRounds "7"]
[EventCountry "ITA"]
[SourceTitle "EXT 2007"]
[Source "ChessBase"]
[SourceDate "2006.11.23"]
[SourceVersion "1"]
[SourceVersionDate "2006.11.23"]
[SourceQuality "1"]

1. e4 c5 2. Nf3 a6 3. d4 cxd4 4. Nxd4 Nf6 5. Nc3 e5 6. Nf3 Bb4 7. Bc4 Qc7 8. Qd3 b5 9. Bb3 Bb7 10. Ng5 0-0 11. Bd2 h6 12. h4 Nc6 13. a3 Ba5 14. 0-0-0 Nd4 15. Ba2 Bxc3 16. Bxc3 hxg5 17. hxg5 Bxe4 18. Qe3 Bxg2 19. gxf6 Bxh1 20. Rg1 Nf5 21. Rxg7+ Nxg7 22. Qg5 1-0

[Event "Corsico op 26th"]
[Site "Corsico"]
[Date "2003.05.03"]
[Round "5"]
[White "Zoldan, Matteo"]
[Black "Lucchese, Paolo"]
[Result "1-0"]
[WhiteElo "2124"]
[BlackElo "1818"]
[PlyCount "45"]
[EventDate "2003.04.30"]
[EventType "swiss"]
[EventRounds "7"]
[EventCountry "ITA"]
[SourceTitle "EXT 2007"]
[Source "ChessBase"]
[SourceDate "2006.11.23"]
[SourceVersion "1"]
[SourceVersionDate "2006.11.23"]
[SourceQuality "1"]

1. e4 e5 2. Nc3 Bc5 3. f4 Bxg1 4. Rxg1 Qh4+ 5. g3 Qxh2 6. Rg2 Qh3 7. fxe5 Nc6 8. d4 Nh6 9. Bf4 d6 10. exd6 Bg4 11. Qd2 0-0-0 12. Rh2 Nxd4 13. Bxh3 Nf3+ 14. Kd1 Nxd2+ 15. Bxg4+ Nxg4 16. Rxd2 Rhe8 17. dxc7 Nf2+ 18. Ke2 Rxd2+ 19. Kxd2 g5 20. Bxg5 Kxc7 21. Rf1 Nxe4+ 22. Nxe4 Rxe4 23. Rxf7+ 1-0

[Event "Corsico op 26th"]
[Site "Corsico"]
[Date "2003.05.02"]
[Round "4"]
[White "Lucchese, Paolo"]
[Black "Cazzaniga, Walter"]
[Result "1/2-1/2"]
[WhiteElo "1818"]
[BlackElo "2094"]
[PlyCount "117"]
[EventDate "2003.04.30"]
[EventType "swiss"]
[EventRounds "7"]
[EventCountry "ITA"]
[SourceTitle "EXT 2007"]
[Source "ChessBase"]
[SourceDate "2006.11.23"]
[SourceVersion "1"]
[SourceVersionDate "2006.11.23"]
[SourceQuality "1"]

1. e4 e6 2. d4 d5 3. Nc3 Bb4 4. e5 c5 5. a3 Bxc3+ 6. bxc3 Ne7 7. Nf3 Nbc6 8. Bd3 Qc7 9. 0-0 Bd7 10. Re1 c4 11. Bf1 f6 12. exf6 gxf6 13. g3 0-0-0 14. Bf4 Qa5 15. Bh3 Ng6 16. Bd6 Rhe8 17. Qd2 e5 18. Bxd7+ Rxd7 19. Bc5 e4 20. h4 Qd8 21. h5 exf3 22. Rxe8 Qxe8 23. hxg6 b6 24. g7 bxc5 25. Qh6 Qf7 26. g8Q+ Qxg8 27. Qxf6 Qg6 28. Qf8+ Kc7 29. Qf4+ Qd6 30. Qxf3 cxd4 31. a4 dxc3 32. Qxc3 Qb4 33. Qf3 d4 34. Rd1 d3 35. Qf4+ Kb7 36. Qf5 Rd6 37. Qxh7+ Kb6 38. cxd3 cxd3 39. a5+ Nxa5 40. Kh2 Qb3 41. Rc1 Nc4 42. Qg8 Kb5 43. Qb8+ Rb6 44. Qe8+ Kc5 45. Qe7+ Kd5 46. Qf7+ Kc5 47. Qe7+ Rd6 48. Qc7+ Kd5 49. Qf7+ Re6 50. Qf3+ Kd6 51. Qf8+ Kd5 52. Qf3+ Kc5 53. Qf5+ Kd6 54. Qf8+ Kd7 55. Qf7+ Kd6 56. Qf8+ Kd5 57. Qf3+ Kd6 58. Qf8+ Kd5 59. Qf3+ 1/2-1/2

[Event "Corsico op 26th"]
[Site "Corsico"]
[Date "2003.04.30"]
[Round "1"]
[White "Lucchese, Paolo"]
[Black "Radice, Luca"]
[Result "1-0"]
[WhiteElo "1818"]
[BlackElo "2087"]
[PlyCount "61"]
[EventDate "2003.04.30"]
[EventType "swiss"]
[EventRounds "7"]
[EventCountry "ITA"]
[SourceTitle "EXT 2007"]
[Source "ChessBase"]
[SourceDate "2006.11.23"]
[SourceVersion "1"]
[SourceVersionDate "2006.11.23"]
[SourceQuality "1"]

1. e4 e6 2. d4 d5 3. Nc3 dxe4 4. Nxe4 Bd7 5. Nf3 Bc6 6. Bd3 Nd7 7. 0-0 Ngf6 8. Re1 Nxe4 9. Bxe4 Bxe4 10. Rxe4 Be7 11. Re1 0-0 12. Bf4 Re8 13. Qd2 c6 14. c4 Qb6 15. a3 c5 16. Ne5 Rad8 17. dxc5 Nxc5 18. Qc2 Nb3 19. Rad1 Nd4 20. Qb1 a5 21. Be3 f6 22. Rxd4 Rxd4 23. Nf3 e5 24. Bxd4 exd4 25. Qe4 d3 26. Qd5+ Kf8 27. Qxd3 Qxb2 28. Qxh7 Rd8 29. Nh4 Bc5 30. Qh8+ Kf7 31. Qh5+ 1-0